| 000 | 00572nam a2200157 i 4500 | ||
|---|---|---|---|
| 001 | 150257 | ||
| 003 | ES-MaACL | ||
| 005 | 20230906203435.0 | ||
| 007 | t| | ||
| 008 | 071029s1928 sp ||||1| spa d | ||
| 100 | 1 |
_aVallejo de Simón, Antonio María. _9112848 |
|
| 245 | 1 | 3 |
_aLa desinfección final y la desinfección en curso de las enfermedades infecto-contagiosas _b: indicaciones, valor y crítica (de ambos procedimientos) / _cAntonio María Vallejo de Simón. |
| 260 |
_aMadrid : _b[s.n.], _c1928. |
||
| 300 |
_a202 p. ; _c24 cm. |
||
| 852 |
_aES-MaACL _j1738-F-11 |
||
| 999 |
_c150257 _d150257 |
||